[Event "English Schools Championship Final 2024"]
[Site "Nottingham University Kings Meadow Campus, United Kingdom"]
[Date "2024.06.28"]
[Round "5.44"]
[White "Chen, Daniel Xingyu"]
[Black "McGuigan-Lazo, Leon"]
[Result "1-0"]
[TimeControl "G50' + 10\" per move."]
[WhiteFideId "469149"]
[WhiteElo "1845"]
[BlackElo "1712"]

1. e4 {[%clk 00:50:09]} {[%emt 00:00:12]} c5 {[%clk 00:50:11]} {[%emt
00:00:07]} 2. Nc3 {[%clk 00:50:14]} {[%emt 00:00:04]} Nc6 {[%clk 00:50:03]}
{[%emt 00:00:18]} 3. g3 {[%clk 00:50:19]} {[%emt 00:00:07]} Nf6 {[%clk
00:49:32]} {[%emt 00:00:40]} 4. d3 {[%clk 00:50:08]} {[%emt 00:00:21]} e6
{[%clk 00:49:11]} {[%emt 00:00:31]} 5. Bg2 {[%clk 00:50:12]} {[%emt 00:00:07]}
Be7 {[%clk 00:49:09]} {[%emt 00:00:11]} 6. Be3 {[%clk 00:49:51]} {[%emt
00:00:30]} d5 {[%clk 00:48:08]} {[%emt 00:01:12]} 7. exd5 {[%clk 00:49:32]}
{[%emt 00:00:29]} exd5 {[%clk 00:48:08]} {[%emt 00:00:10]} 8. Bg5 {[%clk
00:47:37]} {[%emt 00:02:05]} d4 {[%clk 00:46:51]} {[%emt 00:01:27]} 9. Bxf6
{[%clk 00:47:08]} {[%emt 00:00:40]} Bxf6 {[%clk 00:46:19]} {[%emt 00:00:41]} 10.
Ne4 {[%clk 00:44:07]} {[%emt 00:03:10]} Be7 {[%clk 00:44:47]} {[%emt 00:01:42]}
11. Nf3 {[%clk 00:43:01]} {[%emt 00:01:16]} O-O {[%clk 00:44:45]} {[%emt
00:00:13]} 12. O-O {[%clk 00:43:03]} {[%emt 00:00:07]} Qc7 {[%clk 00:43:20]}
{[%emt 00:01:35]} 13. Re1 {[%clk 00:41:13]} {[%emt 00:02:00]} b5 {[%clk
00:41:02]} {[%emt 00:02:29]} 14. a4 {[%clk 00:33:28]} {[%emt 00:07:56]} b4
{[%clk 00:39:28]} {[%emt 00:01:43]} 15. Ned2 {[%clk 00:32:44]} {[%emt
00:00:53]} Bb7 {[%clk 00:38:43]} {[%emt 00:00:56]} 16. Nc4 {[%clk 00:32:46]}
{[%emt 00:00:09]} a5 {[%clk 00:37:44]} {[%emt 00:01:08]} 17. Qd2 {[%clk
00:32:15]} {[%emt 00:00:41]} Bf6 {[%clk 00:36:46]} {[%emt 00:01:08]} 18. Re2
{[%clk 00:30:45]} {[%emt 00:01:39]} Rfe8 {[%clk 00:34:16]} {[%emt 00:02:42]} 19.
Rae1 {[%clk 00:30:44]} {[%emt 00:00:10]} Re7 {[%clk 00:33:42]} {[%emt
00:00:44]} 20. Ng5 {[%clk 00:25:19]} {[%emt 00:05:35]} Rae8 {[%clk 00:23:30]}
{[%emt 00:10:23]} 21. Ne4 {[%clk 00:25:04]} {[%emt 00:00:24]} Ne5 {[%clk
00:17:56]} {[%emt 00:05:44]} 22. Ncd6 {[%clk 00:22:16]} {[%emt 00:02:58]} Bxe4
{[%clk 00:15:26]} {[%emt 00:02:40]} 23. Nxe8 {[%clk 00:21:08]} {[%emt
00:01:19]} Bxg2 {[%clk 00:15:18]} {[%emt 00:00:17]} 24. Nxc7 {[%clk 00:13:55]}
{[%emt 00:07:23]} 1-0

[Event "English Schools Championship Final 2024"]
[Site "Nottingham University Kings Meadow Campus, United Kingdom"]
[Date "2024.06.28"]
[Round "5.45"]
[White "Wen, Marlon"]
[Black "Karim, Taha"]
[Result "0-1"]
[TimeControl "G50' + 10\" per move."]
[WhiteElo "1637"]
[BlackElo "1692"]

1. d4 {[%clk 00:50:18]} {[%emt 00:00:04]} Nf6 {[%clk 00:48:51]} {[%emt
00:01:27]} 2. c4 {[%clk 00:50:23]} {[%emt 00:00:07]} e6 {[%clk 00:48:35]}
{[%emt 00:00:25]} 3. Nc3 {[%clk 00:50:27]} {[%emt 00:00:06]} Bb4 {[%clk
00:48:34]} {[%emt 00:00:11]} 4. e3 {[%clk 00:50:36]} {[%emt 00:00:02]} c5
{[%clk 00:48:24]} {[%emt 00:00:19]} 5. d5 {[%clk 00:49:57]} {[%emt 00:00:49]}
d6 {[%clk 00:47:10]} {[%emt 00:01:24]} 6. Bd2 {[%clk 00:49:40]} {[%emt
00:00:28]} O-O {[%clk 00:46:07]} {[%emt 00:01:12]} 7. a3 {[%clk 00:48:43]}
{[%emt 00:01:08]} Bxc3 {[%clk 00:46:06]} {[%emt 00:00:10]} 8. Bxc3 {[%clk
00:48:44]} {[%emt 00:00:10]} e5 {[%clk 00:46:14]} {[%emt 00:00:02]} 9. Bd3
{[%clk 00:47:56]} {[%emt 00:00:58]} Re8 {[%clk 00:45:37]} {[%emt 00:00:46]} 10.
h3 {[%clk 00:46:07]} {[%emt 00:02:00]} Nbd7 {[%clk 00:43:12]} {[%emt 00:02:34]}
11. Ne2 {[%clk 00:45:02]} {[%emt 00:01:15]} Nf8 {[%clk 00:43:07]} {[%emt
00:00:15]} 12. O-O {[%clk 00:44:20]} {[%emt 00:00:53]} Ng6 {[%clk 00:42:39]}
{[%emt 00:00:37]} 13. Bxg6 {[%clk 00:43:06]} {[%emt 00:01:24]} hxg6 {[%clk
00:42:25]} {[%emt 00:00:23]} 14. Ng3 {[%clk 00:41:22]} {[%emt 00:01:56]} Qe7
{[%clk 00:41:14]} {[%emt 00:01:20]} 15. e4 {[%clk 00:37:41]} {[%emt 00:03:51]}
Kh7 {[%clk 00:39:53]} {[%emt 00:01:31]} 16. f3 {[%clk 00:34:42]} {[%emt
00:03:09]} Ng8 {[%clk 00:38:21]} {[%emt 00:01:41]} 17. Be1 {[%clk 00:32:07]}
{[%emt 00:02:46]} Nh6 {[%clk 00:37:30]} {[%emt 00:01:00]} 18. Qd2 {[%clk
00:25:45]} {[%emt 00:06:34]} f5 {[%clk 00:36:42]} {[%emt 00:00:58]} 19. Kf2
{[%clk 00:23:48]} {[%emt 00:02:07]} f4 {[%clk 00:35:57]} {[%emt 00:00:54]} 20.
Nh1 {[%clk 00:23:29]} {[%emt 00:00:29]} Qh4+ {[%clk 00:30:54]} {[%emt
00:05:13]} 21. Kg1 {[%clk 00:21:47]} {[%emt 00:01:53]} Qg5 {[%clk 00:30:51]}
{[%emt 00:00:11]} 22. Nf2 {[%clk 00:21:37]} {[%emt 00:00:21]} Ng8 {[%clk
00:30:27]} {[%emt 00:00:34]} 23. Ng4 {[%clk 00:21:37]} {[%emt 00:00:10]} Nf6
{[%clk 00:30:13]} {[%emt 00:00:24]} 24. Qf2 {[%clk 00:19:44]} {[%emt 00:02:03]}
Nh5 {[%clk 00:29:50]} {[%emt 00:00:31]} 25. Qh4 {[%clk 00:19:09]} {[%emt
00:00:45]} Qe7 {[%clk 00:28:19]} {[%emt 00:01:43]} 26. Qxe7 {[%clk 00:19:09]}
{[%emt 00:00:10]} Rxe7 {[%clk 00:28:27]} {[%emt 00:00:01]} 27. Bh4 {[%clk
00:18:48]} {[%emt 00:00:32]} Rf7 {[%clk 00:28:13]} {[%emt 00:00:24]} 28. Nf2
{[%clk 00:17:16]} {[%emt 00:01:42]} Nf6 {[%clk 00:27:19]} {[%emt 00:01:04]} 29.
Bxf6 {[%clk 00:16:45]} {[%emt 00:00:41]} gxf6 {[%clk 00:27:25]} {[%emt
00:00:02]} 30. Nd1 {[%clk 00:16:18]} {[%emt 00:00:39]} Bd7 {[%clk 00:26:27]}
{[%emt 00:01:08]} 31. Nc3 {[%clk 00:16:09]} {[%emt 00:00:20]} a6 {[%clk
00:26:15]} {[%emt 00:00:21]} 32. b4 {[%clk 00:15:07]} {[%emt 00:01:12]} cxb4
{[%clk 00:25:36]} {[%emt 00:00:49]} 33. axb4 {[%clk 00:12:22]} {[%emt
00:02:56]} Rc8 {[%clk 00:25:20]} {[%emt 00:00:26]} 34. Rfc1 {[%clk 00:11:09]}
{[%emt 00:01:23]} Rxc4 {[%clk 00:24:59]} {[%emt 00:00:30]} 35. Na2 {[%clk
00:11:09]} {[%emt 00:00:10]} Bb5 {[%clk 00:24:06]} {[%emt 00:01:03]} 36. Rxc4
{[%clk 00:10:50]} {[%emt 00:00:29]} Bxc4 {[%clk 00:24:07]} {[%emt 00:00:08]} 37.
Nc3 {[%clk 00:10:38]} {[%emt 00:00:23]} Rc7 {[%clk 00:23:39]} {[%emt 00:00:38]}
38. Rc1 {[%clk 00:10:44]} {[%emt 00:00:05]} Bb3 {[%clk 00:22:42]} {[%emt
00:01:06]} 39. b5 {[%clk 00:04:09]} {[%emt 00:06:46]} a5 {[%clk 00:21:44]}
{[%emt 00:01:07]} 40. b6 {[%clk 00:03:44]} {[%emt 00:00:35]} Rc4 {[%clk
00:21:22]} {[%emt 00:00:32]} 41. Ne2 {[%clk 00:02:48]} {[%emt 00:01:06]} a4
{[%clk 00:20:50]} {[%emt 00:00:41]} 42. Kf2 {[%clk 00:01:14]} {[%emt 00:01:45]}
a3 {[%clk 00:20:43]} {[%emt 00:00:17]} 43. Ra1 {[%clk 00:00:25]} {[%emt
00:01:00]} a2 {[%clk 00:20:17]} {[%emt 00:00:34]} 44. Nc1 {[%clk 00:00:17]}
{[%emt 00:00:19]} Rc2+ {[%clk 00:20:17]} {[%emt 00:00:09]} 45. Ke1 {[%clk
00:00:15]} {[%emt 00:00:13]} Bc4 {[%clk 00:20:12]} {[%emt 00:00:16]} 46. Kd1
{[%clk 00:00:12]} {[%emt 00:00:13]} Rb2 {[%clk 00:19:46]} {[%emt 00:00:34]} 47.
Kd2 {[%emt 00:00:23]} 0-1

[Event "English Schools Championship Final 2024"]
[Site "Nottingham University Kings Meadow Campus, United Kingdom"]
[Date "2024.06.28"]
[Round "5.46"]
[White "Skaria, Joel"]
[Black "Walsh, Zac"]
[Result "1/2-1/2"]
[TimeControl "G50' + 10\" per move."]
[WhiteElo "1596"]
[BlackElo "1617"]

1. e4 {[%clk 00:50:17]} {[%emt 00:00:02]} e6 {[%clk 00:50:13]} {[%emt
00:00:08]} 2. d4 {[%clk 00:50:15]} {[%emt 00:00:12]} d5 {[%clk 00:50:17]}
{[%emt 00:00:06]} 3. Nc3 {[%clk 00:50:12]} {[%emt 00:00:14]} dxe4 {[%clk
00:50:05]} {[%emt 00:00:19]} 4. Nxe4 {[%clk 00:50:18]} {[%emt 00:00:05]} Nd7
{[%clk 00:49:51]} {[%emt 00:00:24]} 5. Nf3 {[%clk 00:50:11]} {[%emt 00:00:18]}
Ngf6 {[%clk 00:49:52]} {[%emt 00:00:10]} 6. Nxf6+ {[%clk 00:48:41]} {[%emt
00:01:39]} Nxf6 {[%clk 00:49:53]} {[%emt 00:00:07]} 7. Bc4 {[%clk 00:48:34]}
{[%emt 00:00:18]} Be7 {[%clk 00:49:16]} {[%emt 00:00:48]} 8. O-O {[%clk
00:48:22]} {[%emt 00:00:22]} O-O {[%clk 00:49:00]} {[%emt 00:00:26]} 9. Qe2
{[%clk 00:46:12]} {[%emt 00:02:21]} b6 {[%clk 00:47:17]} {[%emt 00:01:52]} 10.
Bg5 {[%clk 00:43:31]} {[%emt 00:02:51]} Bb7 {[%clk 00:46:34]} {[%emt 00:00:53]}
11. Rad1 {[%clk 00:43:04]} {[%emt 00:00:37]} Nd5 {[%clk 00:43:50]} {[%emt
00:02:54]} 12. Bxe7 {[%clk 00:39:15]} {[%emt 00:04:00]} Qxe7 {[%clk 00:43:23]}
{[%emt 00:00:35]} 13. Rfe1 {[%clk 00:36:03]} {[%emt 00:03:23]} Rfe8 {[%clk
00:38:23]} {[%emt 00:05:10]} 14. Bb3 {[%clk 00:33:03]} {[%emt 00:03:11]} Rad8
{[%clk 00:36:02]} {[%emt 00:02:30]} 15. c3 {[%clk 00:30:41]} {[%emt 00:02:32]}
Nf4 {[%clk 00:35:03]} {[%emt 00:01:09]} 16. Qe3 {[%clk 00:29:32]} {[%emt
00:01:18]} Ng6 {[%clk 00:33:50]} {[%emt 00:01:23]} 17. Ne5 {[%clk 00:27:25]}
{[%emt 00:02:18]} Nxe5 {[%clk 00:33:01]} {[%emt 00:00:58]} 18. Qxe5 {[%clk
00:27:20]} {[%emt 00:00:16]} Qd6 {[%clk 00:31:38]} {[%emt 00:01:33]} 19. Qh5
{[%clk 00:26:05]} {[%emt 00:01:24]} g6 {[%clk 00:28:30]} {[%emt 00:03:18]} 20.
Qg5 {[%clk 00:24:33]} {[%emt 00:01:41]} Kg7 {[%clk 00:27:33]} {[%emt 00:01:09]}
21. Re3 {[%clk 00:23:01]} {[%emt 00:01:42]} Qe7 {[%clk 00:22:02]} {[%emt
00:05:40]} 22. Qg3 {[%clk 00:21:31]} {[%emt 00:01:41]} Qd6 {[%clk 00:20:50]}
{[%emt 00:01:22]} 23. Qg5 {[%clk 00:19:58]} {[%emt 00:01:43]} f6 {[%clk
00:19:52]} {[%emt 00:01:08]} 24. Qg4 {[%clk 00:19:01]} {[%emt 00:01:07]} f5
{[%clk 00:17:35]} {[%emt 00:02:27]} 25. Qh4 {[%clk 00:17:49]} {[%emt 00:01:21]}
e5 {[%clk 00:15:47]} {[%emt 00:01:59]} 26. Rde1 {[%clk 00:16:29]} {[%emt
00:01:30]} e4 {[%clk 00:14:37]} {[%emt 00:01:20]} 27. f3 {[%clk 00:13:26]}
{[%emt 00:03:14]} c5 {[%clk 00:12:11]} {[%emt 00:02:35]} 28. dxc5 {[%clk
00:10:58]} {[%emt 00:02:38]} Qxc5 {[%clk 00:11:09]} {[%emt 00:01:10]} 29. Kf1
{[%clk 00:09:38]} {[%emt 00:01:33]} Ba6+ {[%clk 00:10:48]} {[%emt 00:00:30]} 30.
c4 {[%clk 00:09:25]} {[%emt 00:00:23]} Bxc4+ {[%clk 00:10:22]} {[%emt
00:00:35]} 31. Bxc4 {[%clk 00:09:33]} {[%emt 00:00:04]} Qxc4+ {[%clk 00:10:23]}
{[%emt 00:00:07]} 32. Kg1 {[%clk 00:08:35]} {[%emt 00:01:10]} Rd3 {[%clk
00:08:23]} {[%emt 00:02:09]} 33. fxe4 {[%clk 00:06:21]} {[%emt 00:02:24]} Rxe3
{[%clk 00:07:41]} {[%emt 00:00:52]} 34. Rxe3 {[%clk 00:06:27]} {[%emt
00:00:04]} Rxe4 {[%clk 00:07:02]} {[%emt 00:00:48]} 35. Rxe4 {[%clk 00:06:22]}
{[%emt 00:00:16]} Qxe4 {[%clk 00:07:05]} {[%emt 00:00:07]} 36. Qg3 {[%clk
00:05:32]} {[%emt 00:00:59]} f4 {[%clk 00:06:13]} {[%emt 00:01:02]} 37. Qc3+
{[%clk 00:04:33]} {[%emt 00:01:09]} Kh6 {[%clk 00:05:08]} {[%emt 00:01:16]} 38.
Kf2 {[%clk 00:04:03]} {[%emt 00:00:40]} Qe6 {[%clk 00:04:14]} {[%emt 00:01:02]}
39. Qc7 {[%clk 00:02:55]} {[%emt 00:01:19]} Qe3+ {[%clk 00:03:59]} {[%emt
00:00:26]} 40. Kf1 {[%clk 00:02:58]} {[%emt 00:00:07]} Qd3+ {[%clk 00:03:46]}
{[%emt 00:00:23]} 41. Kf2 {[%clk 00:02:48]} {[%emt 00:00:20]} Qd2+ {[%clk
00:03:33]} {[%emt 00:00:22]} 42. Kf1 {[%clk 00:02:53]} {[%emt 00:00:06]} Qxb2
{[%clk 00:02:48]} {[%emt 00:00:53]} 43. Qxf4+ {[%clk 00:02:55]} {[%emt
00:00:10]} g5 {[%clk 00:02:32]} {[%emt 00:00:26]} 44. Qd6+ {[%clk 00:02:43]}
{[%emt 00:00:21]} Kh5 {[%clk 00:02:16]} {[%emt 00:00:26]} 45. Qd1+ {[%clk
00:02:22]} {[%emt 00:00:32]} Kg6 {[%clk 00:02:15]} {[%emt 00:00:11]} 46. Ke1
{[%emt 00:02:46]} 1/2-1/2

[Event "English Schools Championship Final 2024"]
[Site "Nottingham University Kings Meadow Campus, United Kingdom"]
[Date "2024.06.28"]
[Round "5.47"]
[White "Misra, Samarth"]
[Black "Alexander, Ryan"]
[Result "1-0"]
[TimeControl "G50' + 10\" per move."]
[WhiteFideId "343441696"]
[BlackFideId "474517"]
[WhiteElo "1508"]
[BlackElo "1371"]

1. e4 {[%clk 00:50:13]} {[%emt 00:00:07]} c6 {[%clk 00:50:18]} {[%emt
00:00:04]} 2. c4 {[%clk 00:50:14]} {[%emt 00:00:08]} f5 {[%clk 00:50:10]}
{[%emt 00:00:18]} 3. exf5 {[%clk 00:50:09]} {[%emt 00:00:14]} Nf6 {[%clk
00:49:53]} {[%emt 00:00:27]} 4. g4 {[%clk 00:49:50]} {[%emt 00:00:29]} h6
{[%clk 00:48:57]} {[%emt 00:01:06]} 5. Nc3 {[%clk 00:49:02]} {[%emt 00:00:58]}
d5 {[%clk 00:48:40]} {[%emt 00:00:28]} 6. b3 {[%clk 00:48:21]} {[%emt
00:00:51]} Nbd7 {[%clk 00:47:50]} {[%emt 00:01:00]} 7. d4 {[%clk 00:47:37]}
{[%emt 00:00:53]} c5 {[%clk 00:47:03]} {[%emt 00:00:57]} 8. dxc5 {[%clk
00:46:34]} {[%emt 00:01:13]} Qa5 {[%clk 00:45:59]} {[%emt 00:01:14]} 9. Bd2
{[%clk 00:44:49]} {[%emt 00:01:55]} Qxc5 {[%clk 00:45:40]} {[%emt 00:00:30]} 10.
Bf4 {[%clk 00:43:44]} {[%emt 00:01:14]} d4 {[%clk 00:43:49]} {[%emt 00:02:01]}
11. Nb5 {[%clk 00:42:26]} {[%emt 00:01:28]} Qc6 {[%clk 00:43:03]} {[%emt
00:00:57]} 12. Nf3 {[%clk 00:41:07]} {[%emt 00:01:28]} Qe4+ {[%clk 00:42:34]}
{[%emt 00:00:40]} 13. Be3 {[%clk 00:39:43]} {[%emt 00:01:34]} dxe3 {[%clk
00:41:55]} {[%emt 00:00:49]} 14. Nc7+ {[%clk 00:38:56]} {[%emt 00:00:57]} Kf7
{[%clk 00:41:18]} {[%emt 00:00:46]} 15. Nxa8 {[%clk 00:38:43]} {[%emt
00:00:23]} Nxg4 {[%clk 00:40:22]} {[%emt 00:01:06]} 16. Qd5+ {[%clk 00:37:33]}
{[%emt 00:01:20]} Qxd5 {[%clk 00:39:56]} {[%emt 00:00:37]} 17. cxd5 {[%clk
00:37:37]} {[%emt 00:00:06]} exf2+ {[%clk 00:39:52]} {[%emt 00:00:14]} 18. Ke2
{[%clk 00:37:30]} {[%emt 00:00:17]} b6 {[%clk 00:39:41]} {[%emt 00:00:21]} 19.
Nc7 {[%clk 00:35:49]} {[%emt 00:01:50]} Kf6 {[%clk 00:39:25]} {[%emt 00:00:26]}
20. h3 {[%clk 00:33:40]} {[%emt 00:02:20]} Nge5 {[%clk 00:38:51]} {[%emt
00:00:44]} 21. Nxe5 {[%clk 00:33:35]} {[%emt 00:00:15]} Nxe5 {[%clk 00:38:40]}
{[%emt 00:00:20]} 22. Kxf2 {[%clk 00:33:15]} {[%emt 00:00:29]} Kxf5 {[%clk
00:38:28]} {[%emt 00:00:23]} 23. Ke3 {[%clk 00:32:06]} {[%emt 00:01:20]} g6
{[%clk 00:37:46]} {[%emt 00:00:51]} 24. h4 {[%clk 00:31:26]} {[%emt 00:00:50]}
Ng4+ {[%clk 00:37:33]} {[%emt 00:00:24]} 25. Kd2 {[%clk 00:30:29]} {[%emt
00:01:05]} Bg7 {[%clk 00:37:00]} {[%emt 00:00:44]} 26. Re1 {[%clk 00:30:06]}
{[%emt 00:00:33]} Be5 {[%clk 00:36:17]} {[%emt 00:00:53]} 27. Bd3+ {[%clk
00:29:04]} {[%emt 00:01:12]} Kf4 {[%clk 00:34:59]} {[%emt 00:01:28]} 28. Ne6+
{[%clk 00:28:12]} {[%emt 00:01:02]} Bxe6 {[%clk 00:34:39]} {[%emt 00:00:31]} 29.
dxe6 {[%clk 00:28:17]} {[%emt 00:00:05]} Rd8 {[%clk 00:34:45]} {[%emt
00:00:04]} 30. Re4+ {[%clk 00:26:29]} {[%emt 00:01:56]} Kf3 {[%clk 00:33:18]}
{[%emt 00:01:38]} 31. Rf1+ {[%clk 00:25:50]} {[%emt 00:00:48]} Nf2 {[%clk
00:31:13]} {[%emt 00:02:16]} 32. Rxf2+ {[%clk 00:24:37]} {[%emt 00:01:23]} Kxf2
{[%clk 00:30:46]} {[%emt 00:00:37]} 33. Rxe5 {[%clk 00:24:40]} {[%emt
00:00:07]} Rd6 {[%clk 00:30:39]} {[%emt 00:00:18]} 34. Kc3 {[%clk 00:24:00]}
{[%emt 00:00:49]} g5 {[%clk 00:28:46]} {[%emt 00:02:03]} 35. hxg5 {[%clk
00:23:38]} {[%emt 00:00:32]} hxg5 {[%clk 00:28:54]} {[%emt 00:00:02]} 36. Rxg5
{[%clk 00:23:06]} {[%emt 00:00:43]} Rxe6 {[%clk 00:29:00]} {[%emt 00:00:04]} 37.
Kb4 {[%clk 00:22:49]} {[%emt 00:00:26]} Ke3 {[%clk 00:27:52]} {[%emt 00:01:18]}
38. Bc4 {[%clk 00:22:40]} {[%emt 00:00:20]} Re4 {[%clk 00:26:49]} {[%emt
00:01:12]} 39. Rg7 {[%clk 00:22:19]} {[%emt 00:00:31]} Kd2 {[%clk 00:26:00]}
{[%emt 00:01:00]} 40. Kb5 {[%clk 00:22:11]} {[%emt 00:00:17]} Kc3 {[%clk
00:25:34]} {[%emt 00:00:36]} 41. Ka6 {[%clk 00:22:04]} {[%emt 00:00:18]} Kb4
{[%clk 00:24:27]} {[%emt 00:01:16]} 42. a4 {[%clk 00:21:46]} {[%emt 00:00:28]}
e5 {[%clk 00:23:19]} {[%emt 00:01:18]} 43. Kxa7 {[%clk 00:21:14]} {[%emt
00:00:43]} Re1 {[%clk 00:22:30]} {[%emt 00:00:58]} 44. Kxb6 {[%clk 00:21:13]}
{[%emt 00:00:11]} e4 {[%clk 00:21:52]} {[%emt 00:00:48]} 45. a5 {[%clk
00:21:11]} {[%emt 00:00:11]} Rh1 {[%clk 00:21:11]} {[%emt 00:00:52]} 46. a6
{[%clk 00:20:39]} {[%emt 00:00:43]} Rh6+ {[%clk 00:20:27]} {[%emt 00:00:54]} 47.
Kb7 {[%clk 00:20:42]} {[%emt 00:00:07]} Kc5 {[%clk 00:19:18]} {[%emt 00:01:18]}
48. Rg5+ {[%clk 00:20:21]} {[%emt 00:00:31]} Kd4 {[%clk 00:17:47]} {[%emt
00:01:41]} 49. a7 {[%clk 00:20:09]} {[%emt 00:00:23]} Rh7+ {[%clk 00:16:21]}
{[%emt 00:01:35]} 50. Kb8 {[%clk 00:19:46]} {[%emt 00:00:34]} e3 {[%clk
00:14:45]} {[%emt 00:01:45]} 51. a8=Q {[%clk 00:18:47]} {[%emt 00:01:09]} Rh8+
{[%clk 00:14:41]} {[%emt 00:00:15]} 52. Rg8 {[%clk 00:18:39]} {[%emt 00:00:17]}
Rxg8+ {[%clk 00:14:45]} {[%emt 00:00:06]} 53. Bxg8 {[%clk 00:18:41]} {[%emt
00:00:08]} e2 {[%clk 00:14:52]} {[%emt 00:00:03]} 54. Qd5+ {[%clk 00:18:36]}
{[%emt 00:00:15]} Ke3 {[%clk 00:14:29]} {[%emt 00:00:33]} 55. Qe5+ {[%clk
00:18:24]} {[%emt 00:00:22]} Kd2 {[%clk 00:14:26]} {[%emt 00:00:13]} 56. Qd4+
{[%clk 00:18:12]} {[%emt 00:00:19]} Kc1 {[%clk 00:13:43]} {[%emt 00:00:56]} 57.
Qe3+ {[%clk 00:17:17]} {[%emt 00:01:05]} Kd1 {[%clk 00:13:11]} {[%emt
00:00:42]} 58. Qd3+ {[%clk 00:17:19]} {[%emt 00:00:09]} Kc1 {[%clk 00:11:56]}
{[%emt 00:01:24]} 59. Qxe2 {[%clk 00:17:04]} {[%emt 00:00:24]} Kb1 {[%clk
00:12:00]} {[%emt 00:00:07]} 60. b4 {[%clk 00:16:50]} {[%emt 00:00:24]} Ka1
{[%clk 00:11:49]} {[%emt 00:00:21]} 61. Qa2# {[%clk 00:16:47]} {[%emt
00:00:03]} 1-0

[Event "English Schools Championship Final 2024"]
[Site "Nottingham University Kings Meadow Campus, United Kingdom"]
[Date "2024.06.28"]
[Round "5.49"]
[White "Tombolis, Christopher"]
[Black "Mesropyan, Hayk"]
[Result "1-0"]
[TimeControl "G50' + 10\" per move."]
[WhiteFideId "433691"]
[BlackFideId "499455"]
[WhiteElo "2088"]
[BlackElo "2066"]

1. d4 {[%clk 00:50:19]} d5 {[%clk 00:50:17]} {[%emt 00:00:06]} 2. c4 {[%clk
00:50:27]} e6 {[%clk 00:50:23]} {[%emt 00:00:03]} 3. Nc3 {[%clk 00:50:34]}
{[%emt 00:00:03]} Nf6 {[%clk 00:50:29]} {[%emt 00:00:04]} 4. Bg5 {[%clk
00:50:39]} {[%emt 00:00:04]} Be7 {[%clk 00:50:35]} {[%emt 00:00:07]} 5. Nf3
{[%clk 00:50:45]} {[%emt 00:00:01]} O-O {[%clk 00:50:40]} {[%emt 00:00:06]} 6.
e3 {[%clk 00:50:53]} b6 {[%clk 00:50:35]} {[%emt 00:00:16]} 7. Rc1 {[%clk
00:50:57]} {[%emt 00:00:05]} Bb7 {[%clk 00:50:32]} {[%emt 00:00:14]} 8. cxd5
{[%clk 00:50:48]} {[%emt 00:00:19]} exd5 {[%clk 00:50:38]} {[%emt 00:00:03]} 9.
Bd3 {[%clk 00:50:52]} {[%emt 00:00:06]} h6 {[%clk 00:50:20]} {[%emt 00:00:28]}
10. Bh4 {[%clk 00:50:56]} {[%emt 00:00:05]} Ne4 {[%clk 00:49:21]} {[%emt
00:01:10]} 11. Bg3 {[%clk 00:50:19]} {[%emt 00:00:47]} c5 {[%clk 00:48:09]}
{[%emt 00:01:23]} 12. O-O {[%clk 00:45:36]} {[%emt 00:04:53]} Nxc3 {[%clk
00:43:43]} {[%emt 00:04:36]} 13. bxc3 {[%clk 00:43:40]} {[%emt 00:02:06]} c4
{[%clk 00:42:40]} {[%emt 00:01:13]} 14. Bb1 {[%clk 00:43:39]} {[%emt 00:00:11]}
Ba3 {[%clk 00:41:21]} {[%emt 00:01:29]} 15. Qc2 {[%clk 00:43:34]} {[%emt
00:00:14]} f5 {[%clk 00:41:20]} {[%emt 00:00:12]} 16. Rce1 {[%clk 00:41:38]}
{[%emt 00:02:05]} Nc6 {[%clk 00:37:08]} {[%emt 00:04:22]} 17. Ne5 {[%clk
00:40:41]} {[%emt 00:01:08]} Qe8 {[%clk 00:33:26]} {[%emt 00:03:52]} 18. Nxc6
{[%clk 00:39:13]} {[%emt 00:01:37]} Bxc6 {[%clk 00:33:28]} {[%emt 00:00:10]} 19.
Be5 {[%clk 00:39:19]} {[%emt 00:00:02]} b5 {[%clk 00:32:16]} {[%emt 00:01:22]}
20. f4 {[%clk 00:39:01]} {[%emt 00:00:27]} a5 {[%clk 00:28:45]} {[%emt
00:03:43]} 21. Rf3 {[%clk 00:39:02]} {[%emt 00:00:08]} Ra7 {[%clk 00:28:41]}
{[%emt 00:00:15]} 22. g4 {[%clk 00:38:21]} {[%emt 00:00:50]} Bd7 {[%clk
00:27:12]} {[%emt 00:01:39]} 23. Rg3 {[%clk 00:37:55]} {[%emt 00:00:36]} Be6
{[%clk 00:27:06]} {[%emt 00:00:17]} 24. Kh1 {[%clk 00:31:23]} {[%emt 00:06:41]}
Rff7 {[%clk 00:20:48]} {[%emt 00:06:28]} 25. Reg1 {[%clk 00:30:32]} {[%emt
00:01:01]} Bf8 {[%clk 00:20:26]} {[%emt 00:00:32]} 26. g5 {[%clk 00:16:52]}
{[%emt 00:13:50]} b4 {[%clk 00:10:04]} {[%emt 00:10:33]} 27. gxh6 {[%clk
00:16:00]} {[%emt 00:01:02]} Kh7 {[%clk 00:09:05]} {[%emt 00:01:09]} 28. Qg2
{[%clk 00:14:48]} {[%emt 00:01:22]} gxh6 {[%clk 00:07:12]} {[%emt 00:02:03]} 29.
Rg8 {[%clk 00:14:24]} {[%emt 00:00:34]} Rg7 {[%clk 00:07:15]} {[%emt 00:00:07]}
30. Rxg7+ {[%clk 00:12:21]} {[%emt 00:02:13]} Bxg7 {[%clk 00:07:22]} {[%emt
00:00:03]} 31. Qxg7+ {[%clk 00:11:58]} {[%emt 00:00:32]} 1-0